000 00800cam a2200241 a 4500
999 _c234123
_d234123
001 15206739
003 Nust
005 20170313204926.0
008 080305s2007 onc 000 1 eng
010 _a 2008271747
020 _a9780747594956
040 _aDLC
_cDLC
050 0 0 _aPR9199.3.O5
_bD58 2007c
082 0 0 _a813.54
_bOND
100 1 _aOndaatje, Michael,
_d1943-
245 1 0 _aDivisadero /
_cMichael Ondaatje.
260 _aToronto, Ont. :
_bMcClelland & Stewart,
_c1998.
300 _a289 p. ;
_c23 cm.
650 0 _aSisters
_vFiction.
650 0 _aAdopted children
_vFiction.
655 0 _aPsychological fiction.
906 _a7
_bcbc
_corigcop
_d1
_encip
_f20
_gy-gencatlg
942 _2ddc
_cBK